पत्रांजली (Record no. 409326)

MARC details
000 -LEADER
fixed length control field 00433nam a2200145Ia 4500
008 - FIXED-LENGTH DATA ELEMENTS--GENERAL INFORMATION
fixed length control field 100122s9999 xx 000 0 und d
082 ## - DEWEY DECIMAL CLASSIFICATION NUMBER
Item number 21124
Classification number 823
100 ## - MAIN ENTRY--PERSONAL NAME
Personal name पांढरीपांडे विजय
245 ## - TITLE STATEMENT
Title पत्रांजली
260 ## - PUBLICATION, DISTRIBUTION, ETC. (IMPRINT)
Name of publisher, distributor, etc मेनका प्रकाशन
Date of publication, distribution, etc 1974
300 ## - PHYSICAL DESCRIPTION
Extent 194
630 ## - SUBJECT ADDED ENTRY--UNIFORM TITLE
Uniform title पत्रांजली
730 ## - ADDED ENTRY--UNIFORM TITLE
Uniform title पत्रांजली
942 ## - ADDED ENTRY ELEMENTS (KOHA)
Koha item type Book
Holdings
Withdrawn status Lost status Damaged status Not for loan Home library Current library Date acquired Cost, normal purchase price Total Checkouts Full call number Barcode Date last seen Cost, replacement price Price effective from Koha item type Public note
        S.V. Pathak Library, Vile Parle S.V. Pathak Library, Vile Parle 01/09/1975 12.00   21124 SVPPARLE-21124 01/25/2010 12.00 01/25/2010 Book General NA